| 000 | 00605nam a2200205 a 4500 | ||
|---|---|---|---|
| 001 | 000030452 | ||
| 005 | 20240530073920.0 | ||
| 008 | 110517s2011 dr 000 f spa d | ||
| 020 | _a9789945164084 | ||
| 040 |
_aDO-SdBNP _bspa _cBNPHU |
||
| 082 |
_aRD863.5 _bD419a |
||
| 100 | 1 |
_aDepatlaura, M., _d1945- _957087 |
|
| 245 | 1 | 0 |
_aAlejandra : _bel aroma de las flores / _cM. Depatlaura. |
| 260 |
_aSanto Domingo : _bBúho, _c2011. |
||
| 300 |
_a447 p. ; _c20 cm. |
||
| 650 | 0 |
_aNovela dominicana _9223 |
|
| 650 | 0 |
_aLiteratura dominicana. _967 |
|
| 910 | _aValidado. Control de calidad MFF | ||
| 049 | _aBNPD | ||
| 999 |
_c29944 _d29944 |
||